MARC details
| 000 -LEADER |
| fixed length control field |
02421nam a2200373 a 4500 |
| 001 - CONTROL NUMBER |
| control field |
020766688 |
| 008 - FIXED-LENGTH DATA ELEMENTS--GENERAL INFORMATION |
| fixed length control field |
190711s2017 ||||||||||||||||| || u |
| 020 ## - INTERNATIONAL STANDARD BOOK NUMBER |
| International Standard Book Number |
9781292152974 |
| 050 ## - LIBRARY OF CONGRESS CALL NUMBER |
| Classification number |
QA 402.3 Dor |
| 100 ## - MAIN ENTRY--PERSONAL NAME |
| Personal name |
Dorf, Richard C |
| 245 10 - TITLE STATEMENT |
| Title |
Modern control systems. (13th edition) |
| Statement of responsibility, etc. |
By Richard C. Dorf ; Robert H. Bishop. |
| 250 ## - EDITION STATEMENT |
| Edition statement |
13th edition |
| 260 ## - PUBLICATION, DISTRIBUTION, ETC. |
| Place of publication, distribution, etc. |
Harlow |
| Name of publisher, distributor, etc. |
Pearson |
| Date of publication, distribution, etc. |
2017 |
| 260 ## - PUBLICATION, DISTRIBUTION, ETC. |
| Place of publication, distribution, etc. |
Harlow |
| Name of publisher, distributor, etc. |
Pearson Education Limited |
| Date of publication, distribution, etc. |
2017 |
| 300 ## - PHYSICAL DESCRIPTION |
| Extent |
1025 pages : illustrations |
| 336 ## - CONTENT TYPE |
| Content type term |
text |
| Source |
rdacontent |
| 337 ## - MEDIA TYPE |
| Media type term |
unmediated |
| Source |
rdamedia |
| 338 ## - CARRIER TYPE |
| Carrier type term |
volume |
| Source |
rdacarrier |
| 350 ## - PRICE (NR) (BK AM CF MU VM SE) [OBSOLETE] |
| Price |
46.91 |
| 500 ## - GENERAL NOTE |
| General note |
Includes bibliographical references and index. |
| 650 #0 - SUBJECT ADDED ENTRY--TOPICAL TERM |
| Topical term or geographic name entry element |
CONTROL THEORY--TEXTBOOKS |
| 650 #0 - SUBJECT ADDED ENTRY--TOPICAL TERM |
| Topical term or geographic name entry element |
FEEDBACK CONTROL SYSTEMS--TEXTBOOKS |
| 700 ## - ADDED ENTRY--PERSONAL NAME |
| Personal name |
Bishop, Robert H |
| 995 ## - RECOMMENDATION 995 [LOCAL, UNIMARC FRANCE] |
| -- |
CBU-MAIN LIBRARY (Kitwe) |
| -- |
46.91 |
| -- |
2 |
| -- |
AVAILABLE |
| -- |
Jul 11, 2019 |
| -- |
Main Library Open Access Collection |
| 995 ## - RECOMMENDATION 995 [LOCAL, UNIMARC FRANCE] |
| -- |
CBU-MAIN LIBRARY (Kitwe) |
| -- |
46.91 |
| -- |
3 |
| -- |
AVAILABLE |
| -- |
Jul 11, 2019 |
| -- |
Main Library Open Access Collection |
| 995 ## - RECOMMENDATION 995 [LOCAL, UNIMARC FRANCE] |
| -- |
CBU-MAIN LIBRARY (Kitwe) |
| -- |
46.91 |
| -- |
10 |
| -- |
AVAILABLE |
| -- |
Nov 22, 2019 |
| -- |
Main Library Open Access Collection |
| 995 ## - RECOMMENDATION 995 [LOCAL, UNIMARC FRANCE] |
| -- |
CBU-MAIN LIBRARY (Kitwe) |
| -- |
46.91 |
| -- |
4 |
| -- |
AVAILABLE |
| -- |
Jul 11, 2019 |
| -- |
Main Library Open Access Collection |
| 995 ## - RECOMMENDATION 995 [LOCAL, UNIMARC FRANCE] |
| -- |
CBU-MAIN LIBRARY (Kitwe) |
| -- |
46.91 |
| -- |
6 |
| -- |
AVAILABLE |
| -- |
Nov 22, 2019 |
| -- |
Main Library Open Access Collection |
| 995 ## - RECOMMENDATION 995 [LOCAL, UNIMARC FRANCE] |
| -- |
CBU-MAIN LIBRARY (Kitwe) |
| -- |
46.91 |
| -- |
1 |
| -- |
AVAILABLE |
| -- |
Jul 11, 2019 |
| -- |
Main Library Open Access Collection |
| 995 ## - RECOMMENDATION 995 [LOCAL, UNIMARC FRANCE] |
| -- |
CBU-MAIN LIBRARY (Kitwe) |
| -- |
46.91 |
| -- |
7 |
| -- |
AVAILABLE |
| -- |
Nov 22, 2019 |
| -- |
Main Library Open Access Collection |
| 995 ## - RECOMMENDATION 995 [LOCAL, UNIMARC FRANCE] |
| -- |
CBU-MPIKA LIBRARY |
| -- |
46.91 |
| -- |
8 |
| -- |
AVAILABLE |
| -- |
Nov 22, 2019 |
| -- |
Short Loan Collection |
| 995 ## - RECOMMENDATION 995 [LOCAL, UNIMARC FRANCE] |
| -- |
CBU-MPIKA LIBRARY |
| -- |
46.91 |
| -- |
9 |
| -- |
AVAILABLE |
| -- |
Nov 22, 2019 |
| -- |
Main Library Open Access Collection |
| 995 ## - RECOMMENDATION 995 [LOCAL, UNIMARC FRANCE] |
| -- |
CBU-MPIKA LIBRARY |
| -- |
46.91 |
| -- |
5 |
| -- |
AVAILABLE |
| -- |
Nov 22, 2019 |
| -- |
Short Loan Collection |